Alle Nachbarländer des Irak - Statistiken

Allgemein
  • Dieses Quiz wurde 46 mal gespielt
  • Das Durchschnittsergebnis liegt bei 6 aus 6
Antwortstatistiken
Antwort % Korrekt
Iran
100%
Syrien
100%
Saudi Arabien
98%
Türkei
98%
Jordanien
80%
Kuwait
77%
Keine übereinstimmenden Quizze gefunden
Verteilung der Resultate
Anzahl Personen mit jedem Resultat
Perzentil nach korrekt beantworteten Fragen
Ihre Resultats-Entwicklung
Sie haben dieses Quiz noch nicht gespielt